000 00269nam a2200097Ia 4500
001 1002910
005 20250826230439.0
008 250824s9999 xx 000 0 und d
245 0 _aHAYAL KURMAK BEDAVA ÖZGÜRLÜK HAYALİ
_cFUAT SEVİMAY
260 _bHEP KİTAP YAYINLARI
999 _c1002910
_d1002910